书目信息 |
| 题名: |
高等教育质量标准体系评价与创新研究
|
|
| 作者: | 吕红 著 | |
| 分册: | ||
| 出版信息: | 北京 科学出版社 2018 |
|
| 页数: | 178页 | |
| 开本: | 24cm | |
| 丛书名: | ||
| 单 册: | ||
| 中图分类: | G642.0 | |
| 科图分类: | ||
| 主题词: | 高等教育--gao deng jiao yu--教育质量--质量管理体系--研究 | |
| 电子资源: | ||
| ISBN: | 978-7-03-057634-7 | |
| 000 | 01466nam0 2200265 450 | |
| 001 | 012001002571 | |
| 005 | 20131023163017.0 | |
| 010 | @a978-7-03-057634-7@dCNY96.00 | |
| 099 | @aCAL 012019028581 | |
| 100 | @a20181211d2018 ekmy0chiy50 ea | |
| 101 | 0 | @achi |
| 102 | @aCN@b110000 | |
| 105 | @aak a 000yy | |
| 106 | @ar | |
| 200 | 1 | @a高等教育质量标准体系评价与创新研究@Agao deng jiao yu zhi liang biao zhun ti xi ping jia yu chuang xin yan jiu@f吕红著 |
| 210 | @a北京@c科学出版社@d2018 | |
| 215 | @a178页@c图@d24cm | |
| 320 | @a有书目 (第149-165页) | |
| 330 | @a本书通过梳理有关高等教育质量管理理论、标准化理论、评价学理论、公共政策分析理论等,构建出高等教育质量标准体系评价的基本理论分析框架,综合运用多种研究方法,对高等教育质量标准体系评价与创新路径进行了较为系统的研究,界定了高等教育质量标准体系及其评价的内涵、特征和功能,创新性地提出了高等教育质量标准化三阶段模型和高等教育质量标准化评价三阶段内容构成模型;并提出从全过程评价的视角来分析高等教育质量标准体系的评价指标及其模型问题。此外,设计了高等教育质量标准体系创新构建工具,提出了高等教育质量标准体系创新构建模型,以及高等教育质量标准体系的执行实施与信息反馈创新机制框架。 | |
| 333 | @a相关学科专家、高等教育工作者及教育行政管理部门决策者,可作为高等教育质量管理等方面的教学研究参考资料 | |
| 606 | 0 | @a高等教育@Agao deng jiao yu@x教育质量@x质量管理体系@x研究 |
| 690 | @aG642.0@v5 | |
| 701 | 0 | @a吕红@Alv hong@4著 |
| 801 | 0 | @aCN@b江苏凤凰@c20191020 |
| 905 | @b1220350-3@dG642.0@e1305@f4 | |
| 高等教育质量标准体系评价与创新研究/吕红著.-北京:科学出版社,2018 |
| 178页:图;24cm |
| 使用对象:相关学科专家、高等教育工作者及教育行政管理部门决策者,可作为高等教育质量管理等方面的教学研究参考资料 |
| ISBN 978-7-03-057634-7:CNY96.00 |
| 本书通过梳理有关高等教育质量管理理论、标准化理论、评价学理论、公共政策分析理论等,构建出高等教育质量标准体系评价的基本理论分析框架,综合运用多种研究方法,对高等教育质量标准体系评价与创新路径进行了较为系统的研究,界定了高等教育质量标准体系及其评价的内涵、特征和功能,创新性地提出了高等教育质量标准化三阶段模型和高等教育质量标准化评价三阶段内容构成模型;并提出从全过程评价的视角来分析高等教育质量标准体系的评价指标及其模型问题。此外,设计了高等教育质量标准体系创新构建工具,提出了高等教育质量标准体系创新构建模型,以及高等教育质量标准体系的执行实施与信息反馈创新机制框架。 |
| ● |
| 相关链接 |
|
|
|
|
正题名:高等教育质量标准体系评价与创新研究
索取号:G642.0/1305
 
预约/预借
| 序号 | 登录号 | 条形码 | 馆藏地/架位号 | 状态 | 备注 |
| 1 | 1220350 | 212203505 | 第一样本阅览室/ [索取号:G642.0/1305] | 在馆 | |
| 2 | 1220351 | 212203514 | 教育系资料室/ [索取号:G642.0/1305] | 在馆 | |
| 3 | 1220352 | 212203523 | 教育系资料室/ [索取号:G642.0/1305] | 在馆 | |
| 4 | 1220353 | 212203532 | 第四借阅区/ [索取号:G642.0/1305] | 在馆 |